| 000 | 00595nam a2200193 4500 | ||
|---|---|---|---|
| 001 | 136825 | ||
| 003 | ES-MaACL | ||
| 005 | 20230906195234.0 | ||
| 007 | t| | ||
| 008 | 070214n19501959sp r ||||1| spa d | ||
| 100 | 1 |
_aSagrera Durán, Rosendo. _9101458 |
|
| 245 | 1 | 3 |
_aLa régula _b: cómo sacar las máximas posibilidades de esta cámara / _cRosendo Sagrera Durán. |
| 260 |
_aBarcelona : _bOmega, _c[195_?] |
||
| 300 |
_a71 p., 8 lám. : _bil. ; _c16 cm. |
||
| 490 | 1 | _aFoto biblioteca | |
| 830 | 0 |
_aFoto biblioteca _9181378 |
|
| 852 |
_aES-MaACL _jC-10782 _bR.38276 |
||
| 999 |
_c136825 _d136825 |
||